书目信息 |
| 题名: |
年经人要掌握的处世哲学
|
|
| 作者: | 钟祥凤 , 万小瑶 编著 | |
| 分册: | ||
| 出版信息: | 北京 中国商业出版社 2004.11 |
|
| 页数: | 187页 | |
| 开本: | 21cm | |
| 丛书名: | 处事哲学 | |
| 单 册: | ||
| 中图分类: | C912.1 | |
| 科图分类: | ||
| 主题词: | 人间交往--ren jian jiao wang--通俗读物 | |
| 电子资源: | ||
| ISBN: | 7-5044-5204-1 | |
| 000 | 00908nam 2200253 450 | |
| 001 | 012006913297 | |
| 005 | 20060927090943.45 | |
| 010 | @a7-5044-5204-1@dCNY16.80 | |
| 100 | @a20060821d2004 km y0chiy0120 ea | |
| 101 | 0 | @achi |
| 102 | @aCN@b110000 | |
| 105 | @ay z 000yy | |
| 200 | 1 | @a年经人要掌握的处世哲学@Anian jing ren yao zhang wo de chu shi zhe xue@f钟祥凤, 万小瑶编著@Fzhong xiang feng,wan xiao yao bian zhu |
| 210 | @a北京@c中国商业出版社@d2004.11 | |
| 215 | @a187页@d21cm | |
| 225 | 2 | @a处事哲学@Achu shi zhe xue |
| 330 | @a本书通过一个个生动而有趣的生活实例和每篇结束时的精练的关键语,来指导与家人朋友、恋人、下属、上司等相处的技巧。 | |
| 410 | 0 | @12001 @a处事哲学 |
| 606 | 0 | @a人间交往@Aren jian jiao wang@j通俗读物 |
| 690 | @aC912.1@v4 | |
| 701 | 0 | @a钟祥凤@Azhong xiang feng@4编著 |
| 701 | 0 | @a万小瑶@Awan xiao yao@4编著 |
| 801 | 0 | @aCN@c20060927 |
| 905 | @a10447@dC912.1@eZ734 | |
| 年经人要掌握的处世哲学/钟祥凤, 万小瑶编著.-北京:中国商业出版社,2004.11 |
| 187页;21cm.-(处事哲学) |
| ISBN 7-5044-5204-1:CNY16.80 |
| 本书通过一个个生动而有趣的生活实例和每篇结束时的精练的关键语,来指导与家人朋友、恋人、下属、上司等相处的技巧。 |
| ● |
| 相关链接 |
|
|
|
正题名:年经人要掌握的处世哲学
索取号:C912.1/Z734
 
预约/预借
| 序号 | 登录号 | 条形码 | 馆藏地/架位号 | 状态 | 备注 |
| 1 | 220003 | 202200037 | 社科库509/ [索取号:C912.1/Z734] | 在馆 | |
| 2 | 220004 | 202200046 | 社科库509/509社科库 58排1列3层/ [索取号:C912.1/Z734] | 在馆 | |
| 3 | 220005 | 202200055 | 社科库509/509社科库 58排1列3层/ [索取号:C912.1/Z734] | 在馆 |